| 000 | 00440nam a2200193Ia 4500 | ||
|---|---|---|---|
| 008 | 150909s9999 xx 000 0 und d | ||
| 041 | _aEnglish | ||
| 082 | _a657 | ||
| 082 | _bGRE/IN | ||
| 100 | _aGrewal T.S | ||
| 100 | _eAuthor | ||
| 245 | _aIntroduction to accountancy | ||
| 260 | _aNew Delhi | ||
| 260 | _bS Chand& company Ltd | ||
| 260 | _c1981 | ||
| 300 | _a772 Pages | ||
| 365 | _aRs.27.50 | ||
| 942 | _cBK | ||
| 999 |
_c232208 _d232208 |
||